| Tag |
First Indicator |
Second Indicator |
Subfields |
| LEADER |
00000cam a22000001 4500 |
| 001 |
in00000062412 |
| 005 |
20151007082915.0 |
| 008 |
731207s1967 dcu b 00010 eng |
| 010 |
|
|
|a 67061908
|
| 035 |
|
|
|a (OCoLC)00300918
|
| 035 |
|
|
|9 AAF8572AM
|
| 040 |
|
|
|a DLC
|c DLC
|d TXA
|d UtOrBLW
|
| 043 |
|
|
|a n-us-fl
|a nm-----
|
| 049 |
|
|
|a TXAC [No Cards] [In PC]
|c [1614745]
|
| 050 |
0 |
0 |
|a SK361
|b .A29 no. 31
|
| 082 |
0 |
|
|a 551.4/63
|
| 090 |
|
|
|a G1316.C7
|b T3 D7 1967
|
| 100 |
1 |
|
|a Dragovich, Alexander.
|
| 245 |
1 |
0 |
|a Oceanographic atlas for Tampa Bay, Florida :
|b and adjacent waters of the Gulf of Mexico, 1958-61 /
|c by Alexander Dragovich and James E. Sykes.
|
| 264 |
|
2 |
|a Washington :
|b For sale by the Supt. of Docs., U.S. Govt. Print. Off,
|c 1967.
|
| 300 |
|
|
|a 466 pages (chiefly illustrations) ;
|c 56 cm.
|
| 336 |
|
|
|a text
|b txt
|2 rdacontent
|
| 337 |
|
|
|a unmediated
|b n
|2 rdamedia
|
| 338 |
|
|
|a volume
|b nc
|2 rdacarrier
|
| 490 |
1 |
|
|a United States. Fish and Wildlife Service. Circular 255
|
| 490 |
0 |
|
|a Bureau of Commercial Fisheries. Biological Laboratory, St. Petersburg Beach, Fla. Contribution no. 31
|
| 504 |
|
|
|a Bibliography: page 1.
|
| 650 |
|
0 |
|a Oceanography
|z Florida
|z Tampa Bay
|x Charts, diagrams, etc.
|
| 650 |
|
0 |
|a Oceanography
|z Mexico, Gulf of
|x Charts, diagrams, etc.
|
| 700 |
1 |
|
|a Sykes, James Enoch.
|
| 830 |
|
0 |
|a Circular (U.S. Fish and Wildlife Service) ;
|v 255.
|
| 999 |
|
|
|a MARS
|
| 999 |
f |
f |
|s c48efba8-c965-3d9d-bb28-45c96ba23735
|i 6447401f-3d18-3b80-83db-0c37fce87186
|t 0
|
| 952 |
f |
f |
|p ric
|a Texas A&M University
|b Rellis Campus
|c Joint Library Facility
|d Remote Storage
|t 0
|e G1316.C7 T3 D7 1967
|f Oversize
|h Library of Congress classification
|i unmediated -- volume
|m A14800280877
|
| 998 |
f |
f |
|a G1316.C7 T3 D7 1967
|t 0
|l Remote Storage
|